000 00417nam a22001697a 4500
003 koha_MIRAKIL
005 20231213095812.0
008 231213b |||||||| |||| 00| 0 ||| d
040 _aTR-IsEVY
_btur
_cTR-IsEVY
082 _aFIC UZI/U
100 _aUz, Işılay.
245 0 _aUzaktan gelen misafir.
260 _bGizem Çocuk Yayınları,
_c2009
300 _a16
650 _aGenel Konular.
942 _2ddc
_cBK
999 _c9682
_d9682